000 00543cam a22002291 4500
001 sa 64007585
003 DLC
005 20260227112048.0
008 940517s1960 ii 000 1 beno
010 _asa 64007585
025 _aPL480:EP-B-71
035 _a(OCoLC)30451114
040 _aDLC
_cCU
_dCU
_dDLC
042 _apremarc
050 0 0 _aPK1718.J27
_bA63
100 1 _aJahangir, Burhanuddin Khan.
245 1 0 _aAbicchinna.
260 _c[1960]
300 _a108 p.
_c23 cm.
500 _aIn Bengali.
500 _aShort stories.
999 _c60347
_d60347